|
|
|
|
| LEADER |
01003cam a2200265 7i4500 |
| 001 |
0000068391 |
| 005 |
20220513090000.0 |
| 020 |
|
|
|a 9781003057123 (electronic book)
|
| 090 |
0 |
0 |
|a HF5549
|b .S93 2021
|
| 100 |
1 |
|
|a Szczepanska-Woszczyna, Katarzyna
|
| 245 |
1 |
0 |
|a Management theory, innovation, and organisation :
|b a model of managerial competencies
|c Katarzyna Szczepanska-Woszczyna.
|
| 264 |
|
|
|a New York, NY:
|b Routledge,
|c 2021.
|
| 300 |
|
|
|a 1 online resource (193 pages):
|b text file, PDF.
|
| 336 |
|
|
|a text
|2 rdacontent
|
| 337 |
|
|
|a computer
|2 rdamedia
|
| 338 |
|
|
|a online resource
|2 rdacarrier
|
| 490 |
0 |
|
|a Routledge advances in management and business studies
|
| 650 |
|
0 |
|a Core competencies
|
| 650 |
|
0 |
|a Personnel management
|
| 650 |
|
0 |
|a Leadership
|
| 655 |
|
0 |
|a Electronic books
|
| 856 |
4 |
2 |
|u http://library.unisel.edu.my/web/guest/mylibrary
|
| 997 |
|
|
|a Business & Accountancy, Faculty
|
| 998 |
|
|
|a Business Management, Degree
|
| 999 |
|
|
|a EBO0012481
|b EBOOK
|c EBOOK
|e Electronic resources
|